Top 25 Cities of Chile on a Map Quiz Stats

 Plays Quiz Updated Dec 18, 2019

Support Sporcle.
Go Orange.
Score 0/25 Timer 10:00
7 Plays Today
% Correct
Santiago
97.2%
Valparaíso
72.3%
Arica
65.1%
Concepción
63.7%
Antofagasta
57.9%
La Serena
53.5%
Talca
51.8%
Iquique
51.7%
Temuco
48.7%
Puerto Montt
48%
Punta Arenas
46.5%
Calama
44.3%
Chillán
42.9%
% Correct
Los Ángeles
42.6%
Rancagua
42.1%
Valdivia
41.8%
Osorno
39.6%
Copiapó
36.2%
San Antonio
35.9%
Curicó
25.3%
Coronel
23.6%
Colina
17.7%
Quillota
17.3%
Alto Hospicio
15.7%
Peñaflor
14.4%

You're not logged in!

Compare scores with friends on all Sporcle quizzes.
OR
Log In
Forgot?

From the Vault

Double Half Missing Word: Authors

by MSUKent

This will leave you seeing double.
Remove Ads.
Support Sporcle.
Get the best of Sporcle when you Go Orange. This ad-free experience offers more features, more stats, and more fun while also helping to support Sporcle. Thank you for becoming a member.

Show Comments

Extras

Top Quizzes Today


Score Distribution

Your Account Isn't Verified!

In order to create a playlist on Sporcle, you need to verify the email address you used during registration. Go to your Sporcle Settings to finish the process.

Report this User

Report this user for behavior that violates our Community Guidelines.

Details: